000 01688nam0a2200373 i 4500
001 RU\NLR\BIBL_A\010016670
005 20260406073653.0
010 _a9785971806868
_91000
021 _aRU
_b2013-90547
_96266
035 _a(NILC)RuMoRGB-006695396
035 _a(NLR Aleph) 010016670
090 _a9880285
_c9880285
100 _a20131220d2013 u y0rusy50 ca
101 0 _arus
102 _aRU
105 _aa|||z||||||y|
200 1 _aИвент-менеджмент в спорте
_dEvent-managment in sports
_eуправление спортивными мероприятиями
_e[учебно-методическое пособие]
_fСергей Алтухов
_zeng
210 _aМосква
_cСоветский спорт
_d2013
215 _a206 с.
_cил.
_d22
320 _aБиблиогр.: с. 202-203 (26 назв.)
510 1 _6z45790
_aEvent-managment in sports
_zeng
517 1 _aУправление спортивными мероприятиями
606 _aСпортивные соревнования
_jУчебно-методические пособия
_xОрганизация
_91840786
_3RU\NLR\AUTH\661124929
675 _a796.062(075.8)
686 1 _aЧ514(2)96я7
700 1 _7ca
_8rus
_aАлтухов
_bС. В.
_cканд. экон. наук
_gСергей Витальевич
_3RU\NLR\AUTH\770135325
_9135290
790 1 _7ba
_8rus
_aAltuchov
_bS. V.
_cканд. экон. наук
_gSergej Vital'evič
_9135292
_3RU\NLR\AUTH\770135327
801 0 _aRU
_bRuMoRKP
_c20131111
_gRCR
801 2 _aRU
_bРГБ
_c20131127
_grcr
801 1 _aRU
_bRuMoRKP
_c20131111
_2rusmarc
942 _cBOOK
980 _aNBR